Տնտեսամաթեմատիկական մեթոդներ և մոդելներ : (Record no. 461005)
[ view plain ]
| 000 -LEADER | |
|---|---|
| fixed length control field | 01007nam a2200241 a 4500 |
| 003 - CONTROL NUMBER IDENTIFIER | |
| control field | AM-YEHGA |
| 040 ## - CATALOGING SOURCE | |
| Original cataloging agency | AM-YeHGA |
| 001 - CONTROL NUMBER | |
| control field | 1403006 |
| 005 - DATE AND TIME OF LATEST TRANSACTION | |
| control field | 20250618075414.0 |
| 008 - FIXED-LENGTH DATA ELEMENTS--GENERAL INFORMATION | |
| fixed length control field | 180914s2017 ai d|||frf||| 00||0|arm|| |
| 020 ## - INTERNATIONAL STANDARD BOOK NUMBER | |
| International Standard Book Number | 9789939611617 |
| 041 0# - LANGUAGE CODE | |
| Language code of text/sound track or separate title | arm |
| 090 ## - LOCALLY ASSIGNED LC-TYPE CALL NUMBER (OCLC); LOCAL CALL NUMBER (RLIN) | |
| -- | 464103 |
| 245 00 - TITLE STATEMENT | |
| Title | Տնտեսամաթեմատիկական մեթոդներ և մոդելներ : |
| Remainder of title | (Ուսումնական ձեռնարկ) / |
| Statement of responsibility, etc. | Ընդ. խմբ.՝ Ա. Թավադյան ; [Խմբ.՝ Ս. Ալավերդյան] ; ՀՊՏՀ. |
| 260 ## - PUBLICATION, DISTRIBUTION, ETC. | |
| Place of publication, distribution, etc. | Երևան : |
| Name of publisher, distributor, etc. | Տնտեսագետ, |
| Date of publication, distribution, etc. | 2017. |
| 300 ## - PHYSICAL DESCRIPTION | |
| Extent | 324 էջ : |
| Other physical details | գծապատկ. ; |
| Dimensions | 21 սմ. |
| 650 14 - SUBJECT ADDED ENTRY--TOPICAL TERM | |
| Topical term or geographic name entry element | Տնտեսագիտություն |
| General subdivision | Մաթեմատիկական մոդելներ |
| 650 14 - SUBJECT ADDED ENTRY--TOPICAL TERM | |
| Topical term or geographic name entry element | Ինֆորմատիկա |
| 700 1# - ADDED ENTRY--PERSONAL NAME | |
| Personal name | Թավադյան, Աշոտ |
| Relator term | խմբագիր |
| Relationship | edt |
| 700 1# - ADDED ENTRY--PERSONAL NAME | |
| Personal name | Ալավերդյան, Ս. |
| Relationship | խմբագիր |
| Relator term | edt |
| 710 2# - ADDED ENTRY--CORPORATE NAME | |
| Corporate name or jurisdiction name as entry element | Հայաստանի պետական տնտեսագիտական համալսարան |
| 9 (RLIN) | 4131 |
| 942 ## - ADDED ENTRY ELEMENTS (KOHA) | |
| Source of classification or shelving scheme | Universal Decimal Classification |
| Koha item type | Գրքեր / Books |
| Withdrawn status | Lost status | Source of classification or shelving scheme | Damaged status | Not for loan | Collection | Home library | Current library | Date acquired | Total checkouts | Full call number | Barcode | Date last seen | Price effective from | Koha item type | Public note |
|---|---|---|---|---|---|---|---|---|---|---|---|---|---|---|---|
| Universal Decimal Classification | General | Fundamental Scientific Library | Fundamental Scientific Library | 22/03/2021 | AII/106901 | FL0643876 | 22/03/2021 | 22/03/2021 | Գրքեր / Books | 30 Days Loan |
ՀՀ Գիտությունների ազգային ակադեմիայի հիմնարար գիտական գրադարան = Fundamental Scientific Library of NAS RA
All site content, except where otherwise noted, is licensed under a